000 00466nam a22001817a 4500
003 MPLRDC
005 20220104124001.0
008 210129b ||||| |||| 00| 0 eng d
082 _a889 JMMZ v.1432
100 _a艾温娜. 富兰克林
245 _a幻影情梦
_c欣湘译
250 _a初版
260 _a
_b精美出版社
_c1990
300 _b
490 _a精美名著. 1432
650 _a西洋小说之中文翻译
942 _cBK
_o889 JMMZ v.1432
999 _c15730
_d15720